000
00328nam a22001457a 4500
003
SGT
020
_a
9788184249231
082
_a
954,AGN
100
_a
AGNIHOTRI,V.K.
245
_a
INDIAN HISTORY AND CULTURE
260
_a
NEW DELHI
_b
ALLIED PUBLISHERS
_c
2014
300
_a
420
650
_a
INDIAN HISTORY
942
_2
ddc
_c
BK
_0
5
999
_c
10401
_d
10401